000 00634nam a2200205Ia 4500
003 GCL
008 140319s9999 xx 000 0 ara d
040 _aGCL /
_cGCL
082 0 4 _a813.03
_bج ا
100 1 _aجمال الغيطانى
245 1 0 _aاسفار المشتاق متتاليات فى المكان والزمان /
_cجمال الغيطانى
260 _a[S.N] :
_bدار سعاد الصباح
300 _a331 ص
490 _aادب الرحلات
_v0
650 0 4 _aالرحلات
650 0 4 _aالسياحة
650 0 4 _aالرحلات فى الادب
650 0 4 _aوصف ورحلات
942 _2ddc
_cBK
999 _c29179
_d29179